F1 Motorist Champion - Statistiques

Statistiques générales
  • Ce quiz a été pris 455 fois
  • Le résultat moyen est 44 sur 64
Statistiques - réponses
Hint Réponse % Correct
1961 Ferrari
98%
1964 Ferrari
98%
1975 Ferrari
98%
1976 Ferrari
98%
1977 Ferrari
98%
1979 Ferrari
98%
1982 Ferrari
98%
1983 Ferrari
98%
1999 Ferrari
98%
2000 Ferrari
98%
2001 Ferrari
98%
2002 Ferrari
98%
2003 Ferrari
98%
2004 Ferrari
98%
2007 Ferrari
98%
2008 Ferrari
98%
1998 Mercedes
98%
2009 Mercedes
98%
2014 Mercedes
98%
2015 Mercedes
98%
2016 Mercedes
98%
2017 Mercedes
98%
2018 Mercedes
98%
2019 Mercedes
98%
2020 Mercedes
98%
2021 Mercedes
98%
1992 Renault
86%
1993 Renault
86%
1994 Renault
86%
1995 Renault
86%
1996 Renault
86%
1997 Renault
86%
2005 Renault
86%
2006 Renault
86%
2010 Renault
86%
2011 Renault
86%
2012 Renault
86%
2013 Renault
86%
1986 Honda
81%
1987 Honda
81%
1988 Honda
81%
1989 Honda
81%
1990 Honda
81%
1991 Honda
81%
1962 BRM
24%
1968 Ford-Cosworth
19%
1969 Ford-Cosworth
19%
1970 Ford-Cosworth
19%
1971 Ford-Cosworth
19%
1972 Ford-Cosworth
19%
1973 Ford-Cosworth
19%
1974 Ford-Cosworth
19%
1978 Ford-Cosworth
19%
1980 Ford-Cosworth
19%
1981 Ford-Cosworth
19%
1958 Vanwall
18%
1984 TAG Porsche
15%
1985 TAG Porsche
15%
1959 Climax
12%
1960 Climax
12%
1963 Climax
12%
1965 Climax
12%
1966 Repco
9%
1967 Repco
9%
Aucun quiz correspondant
Distribution des résultats
% des personnes avec chaque résultat
Percentile par nombre de réponses
Votre historique - résultats
Vous n’avez pas pris ce quiz